000
00304nam a22001337a 4500
008
210302b ||||| |||| 00| 0 eng d
020
_a
9780865977150
041
_a
eng
080
_a
316
100
_a
50
101
_a
SOC
245
_a
The Sacred Rights of Conscience
_c
Dreisbach,L.D
942
_2
udc
_c
BK
999
_c
55454
_d
55454